| 000 | 00659nam a22001337a 4500 | ||
|---|---|---|---|
| 040 | _cRUA | ||
| 082 | _aRUB YON 2015 B514 Or.1 | ||
| 100 | _aYON SAMBY, យន់ សំប៊ី | ||
| 245 | _aEffect of mulching on two years old clone RRIV of small holder at kirivong district takeo province, ឥទ្ធិពលគម្របគល់លើការលូតលាស់ក្លូន RRIV អាយុពីរឆ្នាំនៃកៅស៊ូគ្រួសារនៅស្រុកគិរីវង់ ខេត្តតាកែវ | ||
| 260 |
_aPhnom Penh _bRUA _c2015 |
||
| 300 |
_axiii; 50p. _bill. _c29cm. |
||
| 856 | _uYON SAMBY | ||
| 942 | _cRUB | ||
| 999 |
_c9100 _d9100 |
||